Statystyki dla 8 planet w 15 sekund

Kliknij tutaj aby rozwiązać quiz!

Ogólne statystyki

  • Ten quiz został rozwiązany 276 razy
  • Średni wynik to 6 z 8

Statystyki odpowiedzi

Planeta% Poprawnych
Mars
93%
Ziemia
91%
Jowisz
82%
Merkury
74%
Wenus
74%
Saturn
73%
Neptun
68%
Uran
67%

Rozkład punktacji

Percentyl według liczby udzielonych odpowiedzi

Procent ludzi z każdym wynikiem

Twoja historia wyników

Nie rozwiązałeś tego quizu